| 000 | 00689nam a22002297a 4500 | ||
|---|---|---|---|
| 003 | OSt | ||
| 005 | 20180122103900.0 | ||
| 008 | 141009b xxu||||| |||| 00| 0 eng d | ||
| 020 | _a950-641-424-6 | ||
| 040 | _cBMC | ||
| 082 | _a658.151 | ||
| 082 | _a 658.8068 | ||
| 100 | 1 |
_aFernández, Pablo _96038 |
|
| 245 | 1 | 3 |
_aLa gestión del marketing de servicios _b: principios y aplicaciones para la actividad gerencial _cPablo Fernández, Héctor Bajac |
| 260 |
_aBuenos Aires, [etc.] _bGranica _cCop. 2003 |
||
| 300 |
_a499 p. _c22 cm |
||
| 490 | _aMarketing | ||
| 650 | 2 | 4 |
_aEmpresas _92331 |
| 650 | 2 | 4 |
_aGestión de marketing _98652 |
| 700 | 1 |
_942122 _aBajac, Héctor |
|
| 942 |
_2ddc _cBK |
||
| 999 |
_c28831 _d28831 |
||